The case for responsible parties (Record no. 85644)

000 -LEADER
fixed length control field 00444pab a2200181 454500
008 - FIXED-LENGTH DATA ELEMENTS--GENERAL INFORMATION
fixed length control field 180718b2009 xxu||||| |||| 00| 0 eng d
100 ## - MAIN ENTRY--PERSONAL NAME
Personal name Bernhardt, Dan
245 ## - TITLE STATEMENT
Title The case for responsible parties
260 ## - PUBLICATION, DISTRIBUTION, ETC.
Date of publication, distribution, etc. 2009
300 ## - PHYSICAL DESCRIPTION
Extent p.570-87.
362 ## - DATES OF PUBLICATION AND/OR SEQUENTIAL DESIGNATION
Dates of publication and/or sequential designation Nov
650 ## - SUBJECT ADDED ENTRY--TOPICAL TERM
Topical term or geographic name entry element Political parties
700 ## - ADDED ENTRY--PERSONAL NAME
Personal name Squintani, Francesco
700 ## - ADDED ENTRY--PERSONAL NAME
Personal name Duggan, John
773 ## - HOST ITEM ENTRY
Main entry heading American Political Science Review
908 ## - PUT COMMAND PARAMETER (RLIN)
Put command parameter N
909 ## -
-- 85644
Holdings
Withdrawn status Lost status Damaged status Not for loan Permanent Location Current Location Date acquired Serial Enumeration / chronology Barcode Date last seen Price effective from Koha item type
        Indian Institute of Public Administration Indian Institute of Public Administration 2018-07-19 Volume no: 103, Issue no: 4 AR86104 2018-07-19 2018-07-19 Articles

Powered by Koha